Central Library OPAC University of Rajshahi

Selected speeches and statements [of] Mian Iftikhar-ud-Din. / (Record no. 26721)

MARC details
000 -LEADER
fixed length control field 00802nam a22002412a 4500
001 - CONTROL NUMBER
control field 26721
003 - CONTROL NUMBER IDENTIFIER
rucl marc code BD-RjUL
005 - DATE AND TIME OF LATEST TRANSACTION
control field 20211209051046.0
008 - FIXED-LENGTH DATA ELEMENTS--GENERAL INFORMATION
fixed length control field 140323s1971 pk c b 000 0aeng d
035 ## - SYSTEM CONTROL NUMBER
System control number (BD-RjUL)26792
040 ## - CATALOGING SOURCE
Original cataloging agency DLC
Transcribing agency DLC
Modifying agency BD-RjUL
Language of cataloging eng
041 ## - LANGUAGE CODE
Language code of text/sound track or separate title eng
082 00 - DEWEY DECIMAL CLASSIFICATION NUMBER
Classification number 320.954904
Author mark and year IFS 1971
100 1# - MAIN ENTRY--PERSONAL NAME
Personal name Iftikhar-ud-Din, Mian Muhammad,
Dates associated with a name 1907-1962.
9 (RLIN) 82107
245 10 - TITLE STATEMENT
Title Selected speeches and statements [of] Mian Iftikhar-ud-Din. /
Statement of responsibility, etc. Edited by Abdullah Malik
260 ## - PUBLICATION, DISTRIBUTION, ETC. (IMPRINT)
Place of publication, distribution, etc. Lahore :
Name of publisher, distributor, etc. Nigarishat,
Date of publication, distribution, etc. 1971.
300 ## - PHYSICAL DESCRIPTION
Pagination xiii, [ii], 503 p. :
Illustrations port. ;
Size 25 cm
500 ## - GENERAL NOTE
General note Includes biographical sketch of the author: p. [xv]
651 #0 - SUBJECT ADDED ENTRY--GEOGRAPHIC NAME
Geographic name Pakistan
General subdivision Politics and government.
9 (RLIN) 82108
700 1# - ADDED ENTRY--PERSONAL NAME
Personal name Malik, Abdullah,
Dates associated with a name 1920-2003.
942 ## - ADDED ENTRY ELEMENTS (KOHA)
Source of classification or shelving scheme Dewey Decimal Classification
Koha item type Books
Holdings
Lost status Source of classification or shelving scheme Damaged status Not for loan Collection code Permanent Location Current Location Shelving location Date acquired Source of acquisition Total Checkouts Full call number Date last seen Copy number Koha item type
  Dewey Decimal Classification     Non-fiction Central Library, University of Rajshahi Central Library, University of Rajshahi   25/09/1971 Nigarishat   320.954904 IFS 1971 23/03/2014 C-2 Books